000 00957nam a2200289 i 4500
003 EG-GICUC
005 20260127075911.0
008 260104s1960 fr a|||fr|||| 000 0 fre d
040 _aEG-GiCUC
_bfre
_cEG-GiCUC
_dEG-GiCUC
_eRda
082 0 4 _221
_a332.1044
_bBI . I
092 0 4 _221
099 _aLaw 31 332.1044 BI . I 1960
100 1 _aBisson,André
_eAuteur
245 1 0 _aInstitutions Financières Et Économiques En France /
_cAndré Bisson.
264 1 _aParis :
_bBerger-levrault,
_c1960.
300 _a311 ; page
_c 24 cm.
336 _2rda contenu
_a texte
337 _2rda medias
_aOrdinateur
338 _2 transporteur rda
_a Ressource en ligne
490 0 _aInstitutions Politiques D'aujourd'hui
500 _aComprend des annexes
546 _aTexte en français
650 1 4 _aFinances publiques et législation fiscale
856 4 0 _uhttps://fll.law.cu.edu.eg/fulltext/bks/B13-09284.pdf
905 _a67
942 _2ddc
_cBK
_e21
_n0
999 _c54252
_d54252